| 000 | 00722nam a2200193 u 4500 | ||
|---|---|---|---|
| 001 | 000638033 | ||
| 003 | AM-YeHGA | ||
| 005 | 20250617140715.0 | ||
| 008 | 090303s1962 ||||||||||||||||||||rus|c | ||
| 040 | _aAM-YeHGA | ||
| 041 | 0 | _arus | |
| 100 | 1 | _aСамсонов, Владимир Иванович | |
| 245 | 1 | 0 |
_aКурск : _bПутеводитель по историческим и памятным местам / _cВ.И. Самсонов, М.И. Яжгур. |
| 260 |
_aКурск : _bКурское кн. изд-во, _c1962. |
||
| 300 |
_a153 с. : _b[14] л. ил. |
||
| 653 | 0 | _aКурск, город - Путеводители | |
| 700 | 1 | _aЯжгур, Михаил Иосифович | |
| 090 | _c226646 | ||
| 999 |
_c225105 _d225105 |
||